Conestoga trail / (Запис № 483630)

МАРК-запис
000 -LEADER
fixed length control field 01025cam a2200229Ia 4500
001 - CONTROL NUMBER
control field conestogatrail00lees
003 - CONTROL NUMBER IDENTIFIER
control field CaSfIA
005 - DATE AND TIME OF LATEST TRANSACTION
control field 20210117225450.0
007 - PHYSICAL DESCRIPTION FIXED FIELD--GENERAL INFORMATION
fixed length control field cr||||
008 - FIXED-LENGTH DATA ELEMENTS--GENERAL INFORMATION
fixed length control field 810731s1960 xx 000 1 eng d
040 ## - CATALOGING SOURCE
Original cataloging agency KKC
Transcribing agency KKC
Modifying agency OCLCQ
-- CaSfIA
035 ## - SYSTEM CONTROL NUMBER
System control number (OCoLC)7632445
100 1# - MAIN ENTRY--PERSONAL NAME
Personal name Lees, John G.
245 10 - TITLE STATEMENT
Title Conestoga trail /
Medium [electronic resource]
Statement of responsibility, etc by John G. Lees.
260 ## - PUBLICATION, DISTRIBUTION, ETC. (IMPRINT)
Name of publisher, distributor, etc Arcadia House,
Date of publication, distribution, etc c1960.
300 ## - PHYSICAL DESCRIPTION
Extent 224 p. ;
Dimensions 20 cm.
506 ## - RESTRICTIONS ON ACCESS NOTE
Standardized terminology for access restriction Необхідна авторизація на https://archive.org/ (створення облікового запису безкоштовно)
506 ## - RESTRICTIONS ON ACCESS NOTE
Standardized terminology for access restriction Необхідна авторизація на https://openlibrary.org/ (створення облікового запису безкоштовно)
856 41 - ELECTRONIC LOCATION AND ACCESS
Uniform Resource Identifier <a href="http://www.archive.org/details/conestogatrail00lees">http://www.archive.org/details/conestogatrail00lees</a>
Public note Free eBook from the Internet Archive
856 42 - ELECTRONIC LOCATION AND ACCESS
Uniform Resource Identifier <a href="http://www.openlibrary.org/books/OL24203979M">http://www.openlibrary.org/books/OL24203979M</a>
Public note Additional information and access via Open Library
942 ## - ADDED ENTRY ELEMENTS (KOHA)
Koha item type ЕКнига

Немає доступних примірників.